Online
Catalog

Mao y la revolución china : (Record no. 24203)

MARC details
000 -CABECERA
campo de control de longitud fija 01120nam a2200289 a 4500
001 - NÚMERO DE CONTROL
campo de control 000024710
005 - FECHA Y HORA DE LA ÚLTIMA TRANSACCIÓN
campo de control 20200930023325.0
008 - DATOS DE LONGITUD FIJA--INFORMACIÓN GENERAL
campo de control de longitud fija 110202s1968 sp ab r 000 0 spa d
040 ## - FUENTE DE LA CATALOGACIÓN
Centro catalogador/agencia de origen DO-SdBNP
Lengua de catalogación spa
Centro/agencia transcriptor BNPHU
082 ## - NÚMERO DE LA CLASIFICACIÓN DECIMAL DEWEY
Número de clasificación xxxxx
Número de documento/Ítem M296C
049 ## - FONDOS LOCALES (OCLC)
Fondos de biblioteca BNGR
100 1# - ENTRADA PRINCIPAL--NOMBRE DE PERSONA
Nombre de persona Jerome, Ch´ên
9 (RLIN) 50689
245 10 - MENCIÓN DE TÍTULO
Título Mao y la revolución china :
Resto del título y treinta y siete poemas de Mao Tse-Tung /
Mención de responsabilidad, etc. Jerome Ch´ên ; traducción Isidro Molas , Luis Avilés.
250 ## - MENCIÓN DE EDICIÓN
Mención de edición 2a ed.
260 ## - PUBLICACIÓN, DISTRIBUCIÓN, ETC.
Lugar de publicación, distribución, etc. España :
Nombre del editor, distribuidor, etc. Oikos-tau,
Fecha de publicación, distribución, etc. 1968.
300 ## - DESCRIPCIÓN FÍSICA
Extensión 460 p. :
Otras características físicas il., mapas. ;
Dimensiones 21.5 cm.
490 1# - MENCIÓN DE SERIE
Mención de serie Libros Tau
Designación de volumen o secuencia 12
500 ## - NOTA GENERAL
Nota general Incluye cronología p. [415-432].
500 ## - NOTA GENERAL
Nota general Incluye bibliografía p. [433-452].
500 ## - NOTA GENERAL
Nota general Incluye índice alfabético.
500 ## - NOTA GENERAL
Nota general Incluye referencia biográfica del autor en la solapa de la cubierta.
504 ## - NOTA DE BIBLIOGRAFÍA, ETC.
Nota de bibliografía, etc. Incluye referencias bibliográficas y notas al pie de las páginas.
534 ## - NOTA SOBRE LA VERSIÓN ORIGINAL
Frase introductoria Título original :
Mención de título del original Mao and the chinese revolution
Publicación, distribución, etc. del original Oxford University Press, 1965
700 1# - PUNTO DE ACCESO ADICIONAL--NOMBRE DE PERSONA
Nombre de persona Molas,Isidro,
Término indicativo de función/relación tr.
9 (RLIN) 50690
700 1# - PUNTO DE ACCESO ADICIONAL--NOMBRE DE PERSONA
Nombre de persona Avilés, Luis,
Término indicativo de función/relación tr.
9 (RLIN) 50691
830 #0 - PUNTO DE ACCESO ADICIONAL DE SERIE-TÍTULO UNIFORME
Título uniforme Libros Tau
Número de parte o sección de la obra 12
9 (RLIN) 50692
Holdings
Estado de retiro Estado de pérdida Restricciones de uso No para préstamo Código de colección Localización permanente Ubicación/localización actual Ubicación en estantería Fecha de adquisición Número de inventario Total de préstamos Signatura topográfica completa Código de barras Fecha visto por última vez Precio válido a partir de Tipo de ítem Koha
        Monografías: Libros y Folletos General General En catalogación 02.02.2011 LF1   xxxxx M296C 24710-10 25.06.2020 25.06.2020 Préstamo en sala

Powered by Koha